00981nam a2200217 a 450000100100000000500170001000800410002704000250006808200290009311001050012224000190022724501060024626000690035230000210042159000260044265000660046865100490053491000370058395201260062099900170074600004898120250607073643.0091207s2001 dr 000 0 spa d aDO-SdBNPbspacBNPHU a344. 729304bR426L, 20011 aRepública Dominicana. b Secretaria de Estado de Salud Pública y Asistencia Social (2001)95654913a[ Leyes, etc.]10aLey general de salud No. 42-01 :bdel 21 de febrero del año 2001 promulgada el 8 de marzo del 2001. aSanto Domingo :bEdiciones Jurídicas Trajano Potentini,c2001. a130 p. ;c21 cm. aInventariado, 2019/YL 4aSalud públicaxLegislaciónzRepública Dominicana916564 4aRepública DominicanaxLey No. 42-01932031 aValidado. Control de calidad MFF 0010718PDaPDbPDcHDd2019-05-13iLF1l0o344.729304 R426L, 2001p48981-10r2020-06-25w2020-06-25yLFPDZNo se presta c48469d48469